| 000 | 01074nam a22003377a 4500 | ||
|---|---|---|---|
| 001 | BR8100109 | ||
| 003 | BR-BrBNA | ||
| 005 | 20230928090909.0 | ||
| 007 | ta | ||
| 008 | 230509b bl.||||| |||| 00| 0 por d | ||
| 040 |
_aBR-BrBNA _bpor _cBiblioteca Nacional de Agricultura |
||
| 041 | _a(Por) | ||
| 072 |
_aP05; F25 _b3850 _b/G514 |
||
| 090 | _ 3850 BR8100109 | ||
| 100 | 1 | _aSoares, M. | |
| 100 | 1 | _aJardim, A. | |
| 110 | 1 |
_aSecretaria da Agricultura do Estado de Goias, Goiania (Brasil). Nucleo de Pesquisas sobre Biogas _98212 |
|
| 245 | 1 | _aAproveitamento de residuos organicos para producao e utilizacao de biogas e fertilizantes [Brasil] | |
| 246 | 1 | _a[Exploitation of organic residues for production and utilization of biogas and fertilizers [Brazil]] | |
| 260 | 3 |
_aGoiania, GO (Brasil): _cJan 1980. |
|
| 300 | _a22 p. | ||
| 650 | _aRecurso energetico | ||
| 650 | _aFertilizante | ||
| 650 | _aMateria organica | ||
| 650 | _aBiogas | ||
| 650 | _aGas | ||
| 650 | _aAdubo | ||
| 650 | _aGoias | ||
| 909 |
_a202309 _bLucia _c55 _dLucia Elande |
||
| 942 | _cBK | ||
| 999 |
_c31159 _d31159 |
||